| 000 | 00354nam a22001337a 4500 | ||
|---|---|---|---|
| 008 | 250423b |||||||| |||| 00| 0 eng d | ||
| 020 | _a0882957260 | ||
| 050 |
_aHD8072 _b.D83 |
||
| 100 | _aDUBORSKY Melvyn | ||
| 245 | _aIndustrialism and the American Worker 1865-1920. | ||
| 260 |
_aArlington _bHarlan Davidson _c1975 |
||
| 300 | _avii, 150p. | ||
| 942 | _cBK | ||
| 999 |
_c3130 _d3130 |
||